Le mémorial de Sainte-Hélenè : volumen I /

Guardado en:
Detalles Bibliográficos
Autor principal: Cases, Conde de Las (autor)
Formato: Libro
Idioma:Francés
Publicado: París, Francia : Flammarion, 1951
Etiquetas: Agrega una etiqueta
Sin etiquetas, Sé el primero en etiquetar este registro!

MARC

LEADER 00000nam^a2200000^a^4500
001 000437918
005 20250526000000.0
009 20260310123232.236
037 |a Acervo ITESO - Biblioteca 
041 |a FRA 
091 |a FHM. 08583 
100 |a Cases, Conde de Las  |e (autor) 
245 1 3 |a Le mémorial de Sainte-Hélenè :  |b volumen I / 
264 1 |a París, Francia :  |b Flammarion,  |c 1951 
300 |a XIX, 910 p. ;  |c 21.5 cm. 
336 |a texto  |b txt  |2 rdacontenido 
337 |a sin mediación  |b n  |2 rdamedio 
338 |a volumen  |b nc  |2 rdasoporte 
649 |a XX 
910 |a Fondo Hugo B. Margáin 
920 |a Impresos - Libros 
930 |a Libros Antiguos y Raros 
905 |a 126 
901 |a 0500301240  |b IT2  |c LRA  |i D116225  |u 20250526 
902 |a https://opac.biblio.iteso.mx/vufind/Record/000437918